Közép-Európa körvonalai
Elmentve itt :
| Szerző: | |
|---|---|
| Adatforrás: | Meister |
| Forrásdokumentuma: | A Hét. - 32 sz., 1992, 6-7 p. |
| Nyelv: | magyar |
| Kulcsszavak: | mŰvelődéstörténet közép-európaiság Kelet-Európa Közép-Európa |
| LEADER | 00425nab a2200157 i 4500 | ||
|---|---|---|---|
| 001 | bibPRO00003291 | ||
| 008 | 060524s1992 xx hun | ||
| 040 | |a Sz1 | ||
| 041 | |a hun | ||
| 100 | 1 | |a POMOGÁTS Béla | |
| 245 | 1 | 0 | |a Közép-Európa körvonalai |c POMOGÁTS Béla |
| 695 | |a mŰvelődéstörténet | ||
| 695 | |a közép-európaiság | ||
| 695 | |a Kelet-Európa | ||
| 695 | |a Közép-Európa | ||
| 773 | 0 | |t A Hét. - |g 32 sz., 1992, 6-7 p. | |